| 000 | 00989cam a2200301ua 4500 | ||
|---|---|---|---|
| 001 | 4448884 | ||
| 003 | SISC | ||
| 005 | 20160204081552.0 | ||
| 008 | 850618t19821981utufa 001 0 eng | ||
| 010 | _a84167395 | ||
| 035 | _a(OCoLC)11317576 | ||
| 035 | _a(OCoLC)ocm11317576 | ||
| 035 | _a(NNC)4448884 | ||
| 040 | _dCStRLIN | ||
| 050 | 0 |
_aBX 8623 _b.B724 1981 |
|
| 090 |
_aBX8623 _b1981 |
||
| 130 | 0 |
_aBook of Mormon. _910182 |
|
| 245 | 1 | 4 |
_aThe Book of Mormon : _ban account / _cwritten by the hand of Mormon upon plates taken from the plates of Nephi ; translated by Joseph Smith, Jun. |
| 260 |
_aSalt Lake City, Utah, U.S.A. : _bChurch of Jesus Christ of Latter-day Saints, _c1982, c1981. |
||
| 300 |
_a779 p., [9] p. of plates : _bcol. ill. ; _c18 cm. |
||
| 500 | _aIncludes index. | ||
| 700 | 1 |
_aSmith, Joseph, _d1805-1844. _910183 |
|
| 710 | 2 |
_aChurch of Jesus Christ of Latter-day Saints. _910184 |
|
| 942 |
_cBK _2lcc |
||
| 999 |
_c8549 _d8549 |
||